The Punjab under the Mughals. (Record no. 70235)

MARC details
000 -LEADER
fixed length control field 00601cam a22002291 4500
001 - CONTROL NUMBER
control field sa 66005981
003 - CONTROL NUMBER IDENTIFIER
control field DLC
005 - DATE AND TIME OF LATEST TRANSACTION
control field 20260227112253.0
008 - FIXED-LENGTH DATA ELEMENTS--GENERAL INFORMATION
fixed length control field 781117s1948 xx 000 0 eng
010 ## - LIBRARY OF CONGRESS CONTROL NUMBER
LC control number sa 66005981
035 ## - SYSTEM CONTROL NUMBER
System control number (OCoLC)4383614
040 ## - CATALOGING SOURCE
Original cataloging agency DLC
Transcribing agency OCl
Modifying agency DLC
042 ## - AUTHENTICATION CODE
Authentication code premarc
050 00 - LIBRARY OF CONGRESS CALL NUMBER
Classification number DS485.P2
Item number A68
100 1# - MAIN ENTRY--PERSONAL NAME
Personal name Akbar, M. J.
245 14 - TITLE STATEMENT
Title The Punjab under the Mughals.
260 ## - PUBLICATION, DISTRIBUTION, ETC.
Place of publication, distribution, etc. Lahore,
Name of publisher, distributor, etc. Ripon Print. Press
Date of publication, distribution, etc. [1948]
300 ## - PHYSICAL DESCRIPTION
Extent xvi, 325 p.
Dimensions 22 cm.
504 ## - BIBLIOGRAPHY, ETC. NOTE
Bibliography, etc. note Bibliography: p. [312]-314.
651 #0 - SUBJECT ADDED ENTRY--GEOGRAPHIC NAME
Geographic name Punjab
General subdivision History.
651 #0 - SUBJECT ADDED ENTRY--GEOGRAPHIC NAME
Geographic name Mogul Empire
General subdivision History.

No items available.

Powered by Koha